[Event "5th Vergani Cup January 2021"]
[Site "Bassano del Grappa"]
[Date "2021.01.07"]
[Round "9.4"]
[White "Bjerre, Jonas Buhl"]
[Black "Moroni, Luca Jr"]
[Result "0-1"]
[WhiteElo "2551"]
[BlackElo "2562"]
[Annotator "TA"]
[PlyCount "56"]
[EventDate "2021.01.03"]
[EventType "swiss"]
[EventCountry "ITA"]
[SourceTitle "playchess.com"]
[Source "ChessBase"]
[SourceQuality "1"]

{[%evp 12,56,41,45,38,45,50,43,18,13,18,13,2,-33,0,0,0,-141,-131,-129,-126,-263,-260,-513,-531,-734,-720,-734,-731,-714,-742,-743,-620,-619,-517,-695,-691,-697,-690,-689,-696,-677,-690,-672,-667,-664,-649]} 1. d4 g6 2. c4 Bg7 3. Nc3 d6 4. Nf3 Nc6 5. d5 Ne5 6. Nxe5 Bxe5 7. e4 Nf6 {A41: 1 d4 d6: Tartakower System and Modern Defence.} 8. Bd3 O-O 9. O-O e6 {White is slightly better. is cutting edge theory.} 10. h3 exd5 11. cxd5 Nh5 {[#]} 12. Bh6 $146 ({Predecessor:} 12. f4 Bd4+ 13. Kh2 Qh4 14. Qe1 Qxe1 15. Rxe1 Bf2 16. Rf1 Bg3+ 17. Kg1 f5 18. Rf3 Bxf4 19. Bxf4 fxe4 20. Bxe4 Nxf4 {0-1 (47) Akobian,V (2625)-Nakamura,H (2746) Saint Louis 2019}) 12... Qh4 {Strongly threatening ...Bxh3!} 13. Ne2 ({Not} 13. Bxf8 $2 Qf4 $19) 13... Bxh3 {aiming for ...Bg4!} 14. gxh3 (14. f4 $1 $11 {was the only way to keep the balance.} Bxb2 15. Bxf8 Rxf8 16. gxh3 Qxh3 17. Rb1 Bd4+ 18. Nxd4 Qg3+ {[%mdl 64] Double Attack} 19. Kh1 Qh3+ 20. Kg1 Qg3+ {[%mdl 64] Double Attack} 21. Kh1 Qh3+ 22. Kg1) 14... Qxh3 $17 {[%csl Ge5][%cal Rh3h2]} 15. f4 Bxb2 {Hoping for ...Nf6.} 16. Rb1 {[#] Loses the game.} (16. Qb3 $17 {was called for.} Bxa1 17. Rxa1) 16... Ba3 $1 $40 {[%cal Ra3c5][%mdl 128] Black goes for the king.} 17. Rc1 (17. Kf2 Bc5+ 18. Ke1) 17... Nf6 {Black is clearly winning.} (17... Bxc1 $2 18. Nxc1 Qg3+ 19. Kh1 $19) 18. Bxf8 Ng4 {[%csl Gg4][%cal Rh3h2]} 19. Rf2 Qe3 {[%mdl 64] Double Attack, Pin} ({Less strong is} 19... Nxf2 20. Kxf2 Bxc1 21. Qxc1 $17) 20. Qf1 Bxc1 21. Be7 Nxf2 22. Qxf2 Re8 23. Bf6 Qxd3 24. Nxc1 Qd1+ 25. Qf1 Qg4+ 26. Qg2 Qxf4 {[%mdl 64] [#] Double Attack} 27. Bg5 Qxe4 28. Qxe4 Rxe4 {Weighted Error Value: White=0.52/Black=0.10} 0-1

[Event "5th Vergani Cup January 2021"]
[Site "Bassano del Grappa"]
[Date "2021.01.07"]
[Round "9.5"]
[White "Mendonca, Leon Luke"]
[Black "Krasteva, Beloslava"]
[Result "1/2-1/2"]
[WhiteElo "2516"]
[BlackElo "2315"]
[Annotator "TA"]
[PlyCount "201"]
[EventDate "2021.01.03"]
[EventType "swiss"]
[EventCountry "ITA"]
[SourceTitle "playchess.com"]
[Source "ChessBase"]
[SourceQuality "1"]

{[%evp 14,201,0,-2,0,0,0,0,-6,0,8,-18,30,25,49,47,36,24,17,19,23,24,19,12,18,17,17,14,15,4,4,0,10,8,20,0,11,8,43,6,25,16,22,26,11,12,18,20,58,56,54,50,52,51,49,33,47,47,48,47,48,38,63,63,71,64,75,72,110,45,51,27,52,52,63,44,45,41,64,30,58,56,58,46,35,34,60,8,8,8,8,8,8,8,62,0,0,0,0,0,8,0,0,-222,-20,-90,-8,-8,-8,-8,-8,-8,0,0,0,0,0,0,0,0,0,0,0,0,8,8,8,8,8,0,0,0,0,0,0,0,8,8,8,8,8,8,8,8,8,8,8,8,8,8,8,8,8,8,8,8,8,8,8,8,8,8,14,8,8,8,14,8,8,0,0,0,8,8,14,14,14,14,23,8,8,0,0,0,8,8,8,8,8,8]} 1. Nf3 c5 2. b3 Nc6 3. Bb2 d6 4. c4 e5 5. Nc3 g6 6. g3 Bg7 7. d3 Nge7 8. Bg2 O-O {A36: Symmetrical English vs ...g6: 4 Bg2 Bg7.} 9. O-O h6 10. a3 Be6 11. Nd2 Qd7 12. Re1 {[#]} Rac8 $146 ({Predecessor:} 12... Bh3 13. Bh1 a5 14. Nd5 Ra6 15. e3 Rb8 16. Ra2 Nxd5 17. cxd5 Ne7 18. Bc3 h5 {½-½ (18) Kaenel,H (2325)-Ekstroem,R (2420) Switzerland 1993}) 13. b4 b6 14. b5 Na5 {[%cal Bc6a5,Ba5b7,Bb7d6][%mdl 32]} 15. a4 d5 16. cxd5 Nxd5 17. Nxd5 Bxd5 18. Bc3 Nb7 19. Nc4 Bxg2 20. Kxg2 Rfe8 21. e4 Rcd8 22. Qb3 Nd6 ({Not} 22... Qxd3 $2 23. Rad1 $18) 23. Ne3 Re6 24. Red1 h5 25. Rab1 Nc8 26. Qb2 h4 27. Nc4 {[%cal Rc4e5]} h3+ {[%mdl 64] Decoy} 28. Kxh3 Rd6+ $1 29. Kg2 Rxd3 30. Ne3 {Rxd3 is the strong threat.} Qb7 {[#]} 31. f3 Rxd1 32. Rxd1 Rxd1 33. Nxd1 Qd7 34. Qc2 f6 35. Ne3 Nd6 36. Qd3 Qe6 37. Nd5 Kf7 38. Bd2 Qd7 39. h4 Ne8 40. Qb3 Kf8 41. Bc3 (41. Be3 $16) 41... f5 $14 42. Qc2 (42. Qc4 {is interesting.} Qe6 43. Ne3 Ke7 44. g4 Nd6 45. Nd5+) 42... Nd6 43. Qd3 Ne8 44. Qc4 Nd6 45. Qe2 Qf7 46. Qe3 Kg8 47. Qd3 Kh7 48. Bb2 Qe6 49. Qe2 Qf7 50. Bc3 (50. g4 $14) 50... g5 $11 51. hxg5 fxe4 $1 52. fxe4 {aiming for Qg4.} Qg6 {[%mdl 64] Double Attack} 53. Ne7 Qxe4+ (53... Qxg5 $11 54. Nc6 Qg6) 54. Qxe4+ (54. Kf2 $14 Qxe2+ 55. Kxe2) 54... Nxe4 {[%mdl 4096] Endgame KBN-KBN} 55. g6+ Kh8 56. Be1 c4 {White must now prevent ...c3.} 57. Kf3 Nc5 58. a5 $2 (58. Bb4 $11 Nxa4 59. Nf5) 58... bxa5 $2 (58... c3 $1 $19 59. a6 c2) 59. Bxa5 {[#]} (59. Nd5 $1 $11 {keeps the balance.}) 59... Nb3 (59... c3 $1 $17 60. Ke2 c2) 60. Bb4 Nd4+ 61. Ke4 Nxb5 62. Nd5 a5 63. Bxa5 Nd6+ 64. Ke3 (64. Kf3 {is more complex.} Nb5 65. Ke3 Bh6+ 66. Ke4 Kg7 67. Kxe5 Kxg6 68. Ke4) 64... Bh6+ 65. Ke2 Kg7 66. Bc7 Nf5 67. Bxe5+ Kxg6 68. g4 Ng7 69. Nb6 Ne6 70. Nxc4 Bg7 71. Bd6 Kg5 72. Kf3 Nd4+ 73. Kg3 Ne2+ 74. Kf2 Nf4 75. Kf3 Ng6 76. Bc7 Bc3 77. Ne3 Be5 78. Bb6 Bf6 79. Ba5 $1 Ne5+ 80. Kg3 Be7 81. Bd2 Kg6 82. Nf5 Bg5 83. Bc3 Nf7 84. Bb4 Nh6 85. Nd4 Ng8 86. Nf3 Bf6 87. Bd2 Ne7 88. g5 Nf5+ 89. Kg4 Bb2 90. Bf4 Bc3 91. Ng1 Bd4 92. Nf3 Bc3 93. Bc1 Bg7 94. Ne1 Bd4 95. Ng2 {And now Nf4+ would win.} Be5 96. Bf4 Nh6+ {The position is equal.} 97. Kh4 Nf5+ 98. Kg4 Nh6+ 99. gxh6 Bxf4 100. h7 Kxh7 101. Kxf4 {Weighted Error Value: White=0.19/Black=0.19} 1/2-1/2

[Event "5th Vergani Cup January 2021"]
[Site "Bassano del Grappa"]
[Date "2021.01.07"]
[Round "9.7"]
[White "Di Benedetto, Edoardo"]
[Black "Dobrikov, Marco"]
[Result "1-0"]
[WhiteElo "2386"]
[BlackElo "2301"]
[Annotator "TA"]
[PlyCount "140"]
[EventDate "2021.01.03"]
[EventType "swiss"]
[EventCountry "ITA"]
[SourceTitle "playchess.com"]
[Source "ChessBase"]
[SourceQuality "1"]

{[%evp 20,140,13,21,21,20,25,20,30,11,41,39,52,14,15,0,0,0,22,18,38,23,27,0,116,123,107,91,104,46,39,35,66,-17,-17,-17,-27,-8,3,3,3,3,3,3,29,45,61,20,39,-97,-100,-93,-93,-93,-92,-90,-96,-150,0,0,0,0,80,80,80,80,82,83,109,109,113,113,113,113,120,120,120,113,113,113,113,113,120,113,120,113,120,113,113,113,120,120,120,120,120,120,120,120,120,120,120,120,120,100,120,120,120,120,120,120,120,120,120,120,160,156,217,217,217,217,472,472,5005]} 1. d4 Nf6 2. c4 g6 3. g3 Bg7 4. Bg2 d5 5. cxd5 Nxd5 6. Nf3 O-O 7. O-O Nc6 {[%cal Bb8c6,Bc6a5,Ba5c4][%mdl 32]} 8. Nc3 Nb6 9. d5 Na5 10. e4 c6 11. Bf4 cxd5 {D76: Fianchetto Grünfeld: Main Line with 7...Nb6.} 12. Nxd5 Nxd5 13. exd5 Nc4 {The position is equal.} 14. Qb3 Nb6 {[#]} ({Not} 14... Qxd5 $2 15. Ne5 $1 $18 {[%mdl 512]}) ({But not} 14... Nxb2 15. Be5 $14) 15. Rad1 $146 ({Predecessor:} 15. Rfd1 Bd7 16. a4 Qe8 17. Re1 Bxa4 18. Qa3 Qb5 19. Be5 Qxd5 20. Ng5 Qb3 21. Qxb3 Bxb3 22. Bxb7 {½-½ (29) Grachev,B (2668)-Dvoirys,S (2569) Irkutsk 2010}) 15... Bd7 {White should prevent ...Ba4.} 16. Qa3 Nc4 17. Qb4 Nxb2 18. Rd2 Qb6 19. Qxe7 Bf5 20. Bc7 Qa6 21. Nd4 (21. Nh4 $5 {[%cal Rh4f5]} Bd3 22. Qb4 $11) 21... Bd3 22. Qb4 $1 $16 {[%cal Rb4b2]} Bxf1 23. Bxf1 Qxa2 24. Rxb2 (24. d6 $1 $16) 24... Qxd5 $14 25. Rd2 Rfe8 26. Qb5 Qxb5 $11 27. Nxb5 a6 28. Nd6 Re7 $36 {[%mdl 2048] White is under pressure.} 29. Bb6 Be5 30. Nc4 Bc7 31. Bc5 Re6 32. Rd7 Rc6 33. Bd6 {[%mdl 1024] White has compensation.} Rc8 {...b5 is the strong threat.} 34. Ba3 (34. Be7 $1 $14 {was the only good move.}) 34... b5 $17 35. Ne3 {Hoping for Nd5.} Rd8 36. Re7 {Bg2 would now be nice for White.} Bd6 37. Bxd6 Rdxd6 38. Be2 {[#]} (38. Rb7 $142) 38... b4 (38... Rd2 $1 $17 {[%cal Rd2e2]} 39. Bf3 Rf6) 39. Bc4 $11 a5 40. Ra7 a4 (40... Rc5 $11) 41. Rxa4 $16 {Black is now going downhill.} Rb6 42. Nd5 Rb7 43. Nxb4 ({Avoid the trap} 43. Rxb4 $2 Rxb4 44. Nxb4 Rd4 $19) 43... Kg7 44. Nd5 Rbd7 45. Ne3 Rc7 46. Ra5 Rdc6 47. Bd5 Rc5 48. Ra4 Rd7 49. Bf3 h5 50. h4 Re5 51. Kg2 Rc5 52. Rb4 Ra5 53. Bc6 Rd6 54. Be4 Ra7 55. Nd5 Ra5 56. Nf4 Ra7 57. Rb5 Re7 58. Bc2 Rd2 59. Rc5 Rb7 60. Be4 Ra7 61. Rc6 Raa2 {[#]} 62. Nh3 $1 Ra7 63. Bc2 Rb7 64. Rc3 Rd4 65. Ng5 Rdb4 66. Rf3 R4b5 67. Ba4 Re5 (67... R5b6 $16 {was necessary.} 68. Bc2 Rf6) 68. Bb3 $18 f6 69. Ne6+ Kh6 $2 (69... Kh7 {is a better defense.} 70. Nf4 Ra5) 70. Nd8 Re6 {Weighted Error Value: White=0.15/Black=0.15} (70... Rh7 $142 71. Nf7+ Rxf7) 1-0

[Event "5th Vergani Cup January 2021"]
[Site "Bassano del Grappa"]
[Date "2021.01.07"]
[Round "9.8"]
[White "Sonis, Francesco"]
[Black "Horvath, Dominik"]
[Result "1/2-1/2"]
[WhiteElo "2483"]
[BlackElo "2446"]
[Annotator "TA"]
[PlyCount "97"]
[EventDate "2021.01.03"]
[EventType "swiss"]
[EventCountry "ITA"]
[SourceTitle "playchess.com"]
[Source "ChessBase"]
[SourceQuality "1"]

{[%evp 19,97,49,50,48,56,47,50,1,123,3,36,39,54,53,50,53,54,41,45,38,54,34,56,52,82,68,82,82,85,86,83,83,87,79,77,75,75,74,72,56,54,52,52,52,51,51,45,42,47,3,6,2,23,3,3,3,36,36,36,36,36,36,36,36,50,36,49,36,36,36,36,36,36,30,30,30,30,30,30,30]} 1. d4 Nf6 2. c4 g6 3. Nc3 Bg7 4. g3 O-O 5. Bg2 d6 6. Nf3 Nc6 7. O-O e5 8. dxe5 dxe5 9. Bg5 h6 10. Qxd8 Rxd8 11. Bxf6 {E62: King's Indian: Fianchetto: 6...c6 and Panno Variation (6...Nc6) without ...a6.} Bxf6 12. Nd5 Kg7 {[#] now supersedes 12...Bg7.} 13. Nd2 $146 {White is slightly better.} (13. Nxc7 {with more complications.} Rb8 14. e4 Be7 15. Rfd1 Bg4 16. h3) ({Predecessor:} 13. Nxc7 Rb8 14. e4 Be7 15. Nd5 Bc5 16. h3 Be6 17. Rfd1 a5 18. b3 b6 19. Rd2 {½-½ (39) Vidit,S (2726)-Dubov,D (2699) Chess.com INT 2020}) 13... Be6 (13... Bg4 $11 {remains equal.}) 14. Rfd1 ({Better is} 14. Nxc7 $16 Rxd2 15. Nxa8 Bxc4 16. Rfd1 Rxb2 17. Rab1 Rxa2 18. e3) 14... Bxd5 (14... Rac8 {feels hotter.} 15. Ne4 Be7 16. Nxe7 Nxe7 17. Nc5 Bxc4 18. Bxb7 Rb8) 15. cxd5 Ne7 16. Nc4 Nf5 17. Rac1 Nd6 18. Nxd6 cxd6 19. Rc7 Rab8 20. Rdc1 e4 21. b3 Bd4 22. Bxe4 Bc5 23. Kg2 a5 24. Bd3 Rdc8 25. Rd7 Rd8 26. Rxd8 Rxd8 $16 {[%mdl 4096] Endgame KRB-KRB} 27. Rc4 Re8 28. Ra4 Bb6 29. Bb5 Re5 30. Bc4 Re4 31. e3 f5 32. Kf3 Kf6 33. Ke2 g5 34. Kd3 {White wants to play b4.} Ke5 35. Bb5 Kxd5 36. Bd7 Rxa4 37. bxa4 $11 {KB-KB} Ke5 (37... f4 $5) 38. f4+ gxf4 39. gxf4+ Kf6 40. Bc8 Bc5 41. Bxb7 Bb6 42. h3 Bc5 43. e4 fxe4+ 44. Kxe4 Bb4 45. Bc8 Bd2 46. f5 Bb4 {White has an edge.} 47. Kd5 Bc5 48. Be6 Bb4 49. Ke4 {Weighted Error Value: White=0.10/Black=0.12} 1/2-1/2

[Event "5th Vergani Cup January 2021"]
[Site "Bassano del Grappa"]
[Date "2021.01.07"]
[Round "9.9"]
[White "Beerdsen, Thomas"]
[Black "Rindone, Andrea"]
[Result "1/2-1/2"]
[WhiteElo "2479"]
[BlackElo "2153"]
[Annotator "TA"]
[PlyCount "39"]
[EventDate "2021.01.03"]
[EventType "swiss"]
[EventCountry "ITA"]
[SourceTitle "playchess.com"]
[Source "ChessBase"]
[SourceQuality "1"]

{[%evp 15,39,14,31,0,12,18,11,-53,-52,-48,-35,-29,-34,-39,-28,-33,-38,-33,0,0,0,-37,0,0,0,-44]} 1. e4 e6 2. d4 d5 3. Nc3 Bb4 4. e5 c5 5. a3 Bxc3+ 6. bxc3 Ne7 7. Qg4 O-O 8. Bd3 Nbc6 9. Bg5 $1 {[%mdl 4] [#] Bf6! is the strong threat. is recently more successful than 9.Qh5. C18: French: 3 Nc3 Bb4: Main line: 7 h4 and 7 Qg4.} (9. Nf3 $5 {[%cal Rd3h7]} Ng6 10. Bd2 $11) 9... Qc7 10. Nf3 Ng6 {[#]} 11. Qh5 $146 (11. O-O $11) ({Predecessor:} 11. O-O Qa5 12. Bd2 c4 13. Be2 f6 14. Qh5 Bd7 15. Rfe1 Rf7 16. Bf1 Raf8 17. g3 {0-1 (37) Ernst,T (2349)-Dgebuadze,A (2490) Kiel 2015}) 11... cxd4 $15 12. O-O $1 Ncxe5 (12... dxc3 $5 {[%cal Rc6e5]} 13. Bc1 a6 $17) 13. Nxe5 Qxe5 14. Rae1 Qc7 15. cxd4 f5 16. Re3 {next Rh3 is good for White.} Nf4 17. Qh4 Ng6 18. Qh5 Nf4 19. Qh4 Ng6 20. Qh5 $1 {Weighted Error Value: White=0.14/Black=0.08} 1/2-1/2

[Event "5th Vergani Cup January 2021"]
[Site "Bassano del Grappa"]
[Date "2021.01.07"]
[Round "9.10"]
[White "Muetsch, Annmarie"]
[Black "Lumachi, Gabriele"]
[Result "1/2-1/2"]
[WhiteElo "2236"]
[BlackElo "2297"]
[Annotator "TA"]
[PlyCount "20"]
[EventDate "2021.01.03"]
[EventType "swiss"]
[EventCountry "ITA"]
[SourceTitle "playchess.com"]
[Source "ChessBase"]
[SourceQuality "1"]

{[%evp 11,20,-2,22,22,21,26,35,10,59,46,81]} 1. e4 e5 2. Nf3 Nc6 3. d4 exd4 4. Nxd4 Bc5 5. Nb3 Bb6 6. Nc3 Nge7 7. Bf4 {C45: Scotch Game.} d6 8. Qd2 O-O 9. O-O-O a5 10. Bb5 {[#]} f5 $146 {White took control after the opening.  Weighted Error Value: White=0.00/Black=0.21} ({Predecessor:} 10... Be6 11. Kb1 Qb8 12. h4 Qa7 13. h5 Rad8 14. h6 g6 15. Bg3 f6 16. Rhe1 Ne5 {1-0 (33) Vallejo Pons,F (2678)-Delorme,A (2489) Linares 2019}) 1/2-1/2